000 004470000a22001810004500
003 MACL
005 20150804152546.0
008 150804b xxu||||| |||| 00| 0 eng d
040 _aMACL
_cMACL
041 _aEnglish
082 _a370/GOR
100 _aGore, M. S.
_91424
245 _aIndian Education
_bSrtucture And Process
260 _aJaipur
_bRawat Publications
_c1994
350 _a275
650 _aEducation
_94655
942 _cBK
_k370
_2ddc
999 _c2960
_d2960